<?xml version="1.0" encoding="UTF-8"?>
<record
    xmlns:xsi="http://www.w3.org/2001/XMLSchema-instance"
    xsi:schemaLocation="http://www.loc.gov/MARC21/slim http://www.loc.gov/standards/marcxml/schema/MARC21slim.xsd"
    xmlns="http://www.loc.gov/MARC21/slim">

  <leader>01072cam a22002651  4500</leader>
  <controlfield tag="001">agr11002031 </controlfield>
  <controlfield tag="003">DLC</controlfield>
  <controlfield tag="005">20260227110933.0</controlfield>
  <controlfield tag="008">920722s1911    dcua         u000 0 eng  </controlfield>
  <datafield tag="010" ind1=" " ind2=" ">
    <subfield code="a">agr11002031 </subfield>
  </datafield>
  <datafield tag="035" ind1=" " ind2=" ">
    <subfield code="a">(OCoLC)28456929</subfield>
  </datafield>
  <datafield tag="040" ind1=" " ind2=" ">
    <subfield code="a">DLC</subfield>
    <subfield code="c">MdBJ</subfield>
    <subfield code="d">DLC</subfield>
  </datafield>
  <datafield tag="050" ind1="0" ind2="0">
    <subfield code="a">SB958</subfield>
    <subfield code="b">.U197 no. 109 pt. 1</subfield>
  </datafield>
  <datafield tag="051" ind1=" " ind2=" ">
    <subfield code="a">SB933</subfield>
    <subfield code="b">.U197 no. 109, pt. 1</subfield>
  </datafield>
  <datafield tag="100" ind1="1" ind2=" ">
    <subfield code="a">March, Harold Oscar,</subfield>
    <subfield code="d">1885-1919.</subfield>
  </datafield>
  <datafield tag="245" ind1="0" ind2="0">
    <subfield code="a">Papers on insects affecting vegetables.</subfield>
    <subfield code="b">The Hawaiian beet webworm. [Hymenia fascialis Cram.]</subfield>
    <subfield code="c">By H. O. Marsh ... (With appendix by H. G. Dyar and F. H. Chittenden.) ...</subfield>
  </datafield>
  <datafield tag="260" ind1=" " ind2=" ">
    <subfield code="a">Washington,</subfield>
    <subfield code="b">Govt. print. off.,</subfield>
    <subfield code="c">1911.</subfield>
  </datafield>
  <datafield tag="300" ind1=" " ind2=" ">
    <subfield code="a">iii, 15 p.</subfield>
    <subfield code="b">illus., pl.</subfield>
    <subfield code="c">23 cm.</subfield>
  </datafield>
  <datafield tag="490" ind1="1" ind2=" ">
    <subfield code="a">U. S. Dept. of agriculture. Bureau of entomology. Bulletin</subfield>
    <subfield code="v">no. 109, pt. 1</subfield>
  </datafield>
  <datafield tag="504" ind1=" " ind2=" ">
    <subfield code="a">Bibliography: p. 15.</subfield>
  </datafield>
  <datafield tag="650" ind1=" " ind2="0">
    <subfield code="a">Hawaiian beet web-worm.</subfield>
  </datafield>
  <datafield tag="700" ind1="1" ind2=" ">
    <subfield code="a">Chittenden, F. H.</subfield>
    <subfield code="q">(Frank Hurlbut),</subfield>
    <subfield code="d">1858-1929.</subfield>
  </datafield>
  <datafield tag="700" ind1="1" ind2=" ">
    <subfield code="a">Dyar, Harrison G.</subfield>
    <subfield code="q">(Harrison Gray),</subfield>
    <subfield code="d">1866-1929.</subfield>
  </datafield>
  <datafield tag="810" ind1="1" ind2=" ">
    <subfield code="a">United States.</subfield>
    <subfield code="b">Bureau of Entomology.</subfield>
    <subfield code="t">Bulletin ;</subfield>
    <subfield code="v">no. 109, pt. 1.</subfield>
  </datafield>
  <datafield tag="999" ind1=" " ind2=" ">
    <subfield code="c">8019</subfield>
    <subfield code="d">8019</subfield>
  </datafield>
</record>
